| 000 | 01094nac a22002771u 4500 | ||
|---|---|---|---|
| 010 | _a 97038710 | ||
| 020 | _a0824799666 (acid-free paper) | ||
| 082 | 0 | 0 |
_a621.38152 _bHAN |
| 090 |
_c9321 _d9321 |
||
| 100 | _a20080729 | ||
| 245 | 0 | 0 |
_aHandbook of semiconductor interconnection technology / _cedited by Geraldine Cogin Schwartz, K.V. Srikrishnan, Arthur Bross. |
| 246 | 3 | 0 | _aSemiconductor interconnection technology |
| 260 |
_aNew York : _bMarcel Dekker,c1998. _cc1998. |
||
| 300 |
_aix, 577 p. : _bill. ; _c26 cm. |
||
| 500 | _aDistributer: Al-Ahram. | ||
| 504 | _aIncludes bibliographical references and index. | ||
| 511 | _aCatalogued By: Mahitab. | ||
| 650 | 0 |
_aSemiconductors _xDesign and construction. |
|
| 650 | 0 | _aElectric contacts. | |
| 650 | 0 |
_aSemiconductors _xJunctions. |
|
| 700 | 1 | _aSchwartz, G. C. | |
| 700 | 1 |
_aSrikrishnan, K. V., _d1948- |
|
| 700 | 1 |
_aBross, Arthur, _d1928- |
|
| 856 | 4 | 2 |
_3Publisher description _uhttp://www.loc.gov/catdir/enhancements/fy0666/97038710-d.html |
| 942 |
_cNB _k621.38152HAN |
||
| 999 |
_c9321 _d9321 |
||